=LDR 00000nam 2200000 4500 =001 INLIS000000001052365 =005 20240827095201 =035 ##$$a 0010-0824000183 =007 ta =008 240827###########################0###### =082 ##$$a 028.55 =084 ##$$a 028.55 RIA d =100 #$$a Ria Saputri =245 1#$$a Denta ke beker subu / Ria Saputri =250 ##$$a 1 =260 ##$$a Mataram :$b Kantor Bahasa Provinsi Nusa Tenggara Barat,$c 2022 =300 ##$$a v, 22 halaman : $b ilus ; $c 20 cm$e Lain-lain =500 ##$$a Biografi : halaman 20 =650 #4$$a Bacaan kanak-kanak - bahasa Sasak =990 ##$$a 17561756 =990 ##$$a 280/53/2024